| 000 | 00613nam a2200217Ia 4500 | ||
|---|---|---|---|
| 008 | 160319s9999 xx 000 0 und d | ||
| 245 | _aBattles of ancient Greece : | ||
| 245 | _bBattles BC / | ||
| 260 | _bBritish Broadcasting Corporation (BBC) [firm]. | ||
| 260 | _cNA | ||
| 300 | _a1 digital videodisc (174 min.) : | ||
| 300 | _bsound, colored with black and white sequences, : | ||
| 300 | _c4 3/4 in. | ||
| 650 | _aGreece -- | ||
| 650 | _aGreece -- | ||
| 650 | _aGreece -- | ||
| 650 | _aHellenism | ||
| 650 | _xCivilization | ||
| 650 | _xHistory -- 0-323 | ||
| 650 | _xHistory -- War. | ||
| 999 |
_c292467 _d292467 |
||